Statistics for Lost Character Names Quiz

Click here to take the quiz!

General Stats

  • This quiz has been taken 12,781 times
    (7,578 since last reset)
  • The average score is 12 of 21

Answer Stats

First Name Last Name % Correct
JohnLocke
96%
JackShephard
88%
KateAusten
85%
HugoReyes
76%
SawyerFord
73%
BenjaminLinus
71%
Jin-SooKwon
66%
Sun-HwaKwon
65%
SayidJarrah
62%
CharliePace
61%
DanielFaraday
59%
DesmondHume
54%
CharlesWidmore
54%
ClaireLittleton
54%
PennyHume
51%
RichardAlpert
45%
AlexandraRouseeau
43%
DanielleRousseau
42%
JulietBurke
39%
ChristianShephard
37%
MilesStraume
25%

Score Distribution

Percentile by Number Answered

Percent of People with Each Score

Your Score History

You have not taken this quiz since the last reset